| 000 | 00408pab a2200157 454500 | ||
|---|---|---|---|
| 008 | 180718b2017 xxu||||| |||| 00| 0 eng d | ||
| 100 | _aChohan, Usman W. | ||
| 245 | _aThe presidentialisation thesis and parliamentary budget offices | ||
| 260 | _c2017 | ||
| 300 | _ap.361-376. | ||
| 362 | _aApr | ||
| 650 | _aPresidents | ||
| 700 | _aJacobs, Kerry | ||
| 773 | _aParliamentary Affairs | ||
| 909 | _a115013 | ||
| 999 |
_c115007 _d115007 |
||